Pi- Vocabulary Words - Statistics

General Stats
  • This quiz has been taken 146 times
  • The average score is 12 of 20
Answer Stats
hint word % Correct
Bye, bye, miss American... pie
93%
musical instrument (1) piano
88%
traveler on a holy journey pilgrim
83%
homing bird pigeon
82%
small axe pick
76%
feather-filled bag useful for sleeping pillow
75%
mischievous fairy or sprite pixie
74%
musical instrument (2) piccolo
72%
public square in an Italian town piazza
66%
steal pilfer
63%
person who steers a ship pilot
63%
steal violently in a warlike way pillage
62%
fruit pineapple
57%
long braid of hair hanging down the back of the head pigtail
54%
hollow bread that can be split to hold a filling pita
53%
central shaft on which a mechanism turns pivot
42%
in music, as softly as you can pianissimo
35%
0.000000000001 seconds picosecond
33%
red, sweet, pepper pimiento
27%
a Gilbert & Sullivan opera is set on this boat Pinafore
21%
No matching quizzes found
Score Distribution
Percent of People with Each Score
Percentile by Number Answered
Your Score History
You have not taken this quiz